<?xml version="1.0" encoding="UTF-8"?>
<collection xmlns="http://www.loc.gov/MARC21/slim">
 <record>
  <leader>00786pamaa2200157   4500</leader>
  <controlfield tag="001">0000028315</controlfield>
  <controlfield tag="005">20110104090000.0</controlfield>
  <datafield tag="090" ind1="0" ind2="0">
   <subfield code="a">QA76 </subfield>
   <subfield code="b">CHO 2001</subfield>
  </datafield>
  <datafield tag="100" ind1="1" ind2="0">
   <subfield code="a">CHOK PIT HA </subfield>
  </datafield>
  <datafield tag="245" ind1="1" ind2="2">
   <subfield code="a">A Study On Java 2 Enterprise Edition (J2EE) and Its Role In Electronic Commerce (E-Commerce) and To Implement A Web Store Program by Using J2ee and Resin Server by Chok Pit Ha. 2. A Study on JSP Technology and Applying it With Java Servlet by Teh Chik Fei.</subfield>
  </datafield>
  <datafield tag="260" ind1="0" ind2="0">
   <subfield code="a">Nilai: </subfield>
   <subfield code="b">INTI College Malaysia, </subfield>
   <subfield code="c">August 2001.</subfield>
  </datafield>
  <datafield tag="300" ind1=" " ind2=" ">
   <subfield code="a">Numbers 7-8.</subfield>
  </datafield>
  <datafield tag="500" ind1="0" ind2="0">
   <subfield code="a">Dissertations submitted to Inti College Malaysia in partial fulfillment of the requirements for the Honours Degree in Computer Science at Coventry University</subfield>
  </datafield>
  <datafield tag="650" ind1="0" ind2="0">
   <subfield code="a">Dissertations, academic -- </subfield>
   <subfield code="x">Computer science </subfield>
  </datafield>
  <datafield tag="700" ind1="1" ind2="1">
   <subfield code="a">Teh Chik Fei </subfield>
  </datafield>
 </record>
</collection>
